000 00514nam a22001697a 4500
999 _c10026
_d10026
003 OSt
005 20190117133933.0
008 180725b ||||| |||| 00| 0 eng d
022 _a2094-8042
082 _aDPer 370.105 M72 Jan-Dec 2011
100 _929626
_aCanonizado, Isagani Costales
245 _aThe powerful feeling/
_cIsagani Costales Canonizado.
260 _aPhilippines;
_bIn The Grade School, Inc.,
_cc2011.
300 _av59 n9, page 385;
_c27cm.
650 0 _929627
_aLove
_xPoetry.
942 _2ddc
_cPER